[Event "St Petersburg-ch"]
[Site "St Petersburg"]
[Date "1996.??.??"]
[Round "6"]
[White "Loginov, Valery A"]
[Black "Sakaev, Konstantin"]
[Result "0-1"]
[WhiteElo "2525"]
[BlackElo "2600"]
[Annotator "Horn,Pe"]
[PlyCount "26"]
[EventDate "1996.04.??"]
[EventType "tourn"]
[EventRounds "13"]
[EventCountry "RUS"]
[EventCategory "11"]
[SourceTitle "CBM 056"]
[Source "ChessBase"]
[SourceDate "1997.02.01"]
[SourceVersion "1"]
[SourceVersionDate "1997.02.01"]
[SourceQuality "1"]

1. Nf3 Nf6 2. g3 b5 3. Na3 (3. Bg2 Bb7 4. Na3 a6 5. c4 e5 $1 6. cxb5 (6. b3 e4
7. Ng5 d5 8. O-O h6 9. Nh3 Bd6 10. d3 O-O 11. Nf4 dxc4 12. dxc4 Qe7 13. Nc2 Rd8
$17 {Spassov-Rashkovsky/Cappelle op/1989}) 6... Bxa3 7. bxa3 (7. bxa6 $2 Bxf3
8. Bxf3 e4 $19) 7... axb5 8. Qb3 O-O (8... Bxf3 $5 9. Bxf3 e4 $10) 9. O-O (9.
Qxb5 Ba6 10. Qb3 e4 $44) 9... Bxf3 10. Bxf3 c6 $10 {Dizdar-Razuvaev/BRD/1991})
3... a6 4. c4 e5 $5 $146 (4... b4) (4... e6) 5. b3 (5. cxb5 e4 6. Nd4 Bc5 7.
Nac2 (7. Nb3 Bxa3 8. bxa3 axb5 $11) 7... Ng4 {[%cal Rd8f6,Rg4f2]}) (5. Nxe5 Bb7
6. Nf3 Bxa3 7. bxa3 bxc4 (7... Bxf3 8. exf3 O-O) 8. Bg2 O-O 9. Bb2 Re8 $11)
5... e4 6. Nh4 (6. Nd4) 6... Bc5 7. Nc2 d5 8. d4 $2 (8. cxd5 Qxd5 (8... Ng4 9.
e3 $8 Be7 $36) (8... Nxd5 $5) 9. Ng2 (9. Bg2 g5 10. Bb2 Qd6 $19) 9... Ng4 10.
Nge3) 8... exd3 9. Qxd3 (9. exd3 O-O $40 {[%cal Rf8e8]}) 9... Nc6 10. cxd5 (10.
cxb5 Ne5 11. Qd1 Neg4 12. e3 Ne4 $19) 10... Ne5 11. Qc3 (11. Qd1 Neg4 12. e3
Ne4 $19) 11... Bxf2+ 12. Kd1 (12. Kxf2 Ne4+ $19) 12... Qxd5+ 13. Bd2 Ne4 0-1

[Event "DEN-ch"]
[Site "Odense"]
[Date "1994.??.??"]
[Round "8"]
[White "Larsen, Bent"]
[Black "Danielsen, Henrik"]
[Result "1/2-1/2"]
[WhiteElo "2560"]
[BlackElo "2480"]
[Annotator "Horn,Pe"]
[PlyCount "92"]
[EventDate "1994.07.??"]
[EventType "tourn"]
[EventRounds "9"]
[EventCountry "DEN"]
[EventCategory "10"]
[SourceTitle "CBM 041"]
[Source "ChessBase"]
[SourceDate "1994.08.01"]
[SourceVersion "1"]
[SourceVersionDate "1994.08.01"]
[SourceQuality "1"]

1. Nf3 Nf6 2. g3 b5 3. Bg2 Bb7 4. O-O e6 5. d3 d5 6. Nbd2 c5 (6... Be7 $1) 7.
b3 (7. e4 Be7 8. e5 Nfd7 9. Re1 {->A08}) 7... Be7 8. c4 a6 9. Bb2 O-O 10. Rc1
$146 (10. cxd5 exd5 11. Ne5 Qb6 12. Rc1 Nbd7 13. Ndf3 Nxe5 14. Nxe5 d4 $15 {
Bezold-Schoen/BL/1990}) 10... Nbd7 (10... Nc6 $5) 11. e3 dxc4 (11... Qb6 $5)
12. dxc4 Ne4 13. Nxe4 Bxe4 14. Qe2 Qb6 15. Rfd1 Qb7 16. Ne1 Bxg2 17. Nxg2 Rfd8
18. Nf4 bxc4 (18... Bf6 19. Rxd7 $6 (19. Nh5 Bxb2 20. Qxb2 e5 (20... f6 21. Nf4
$14) 21. Rxd7 (21. Rd6 $5) 21... Qxd7 22. Qxe5 f6 23. Qxc5) 19... Qxd7 (19...
Rxd7 20. Bxf6 gxf6 21. Nh5 $44) 20. Bxf6 gxf6 21. Nh5 Kh8 22. Qg4 (22. Nxf6 Qd2
) 22... Rg8 23. Qh4 Qe7 24. Nxf6 Rg7 $13) 19. Rxc4 Nb6 20. Rcc1 Rxd1+ 21. Rxd1
Rd8 22. Rxd8+ Bxd8 23. e4 (23. Qg4 g6 24. Nxe6 $2 Qd7 $19) (23. Nh5 $5 g6 (
23... f6 24. Qg4 Qf7) 24. Nf6+ Bxf6 25. Bxf6 Nd7 26. Bc3 f6 $14) (23. Qd3 Be7
24. h4 $14) 23... Qc8 24. Qg4 g6 25. Qd1 Be7 26. h4 (26. Qd3) 26... f6 27. Bc3
Qc6 28. Ba5 Nd7 29. Qe2 Kf7 30. Bc3 c4 $1 $10 31. Qxc4 (31. b4) (31. bxc4 Nb6)
31... Qxc4 32. bxc4 Nb6 33. Kf1 Nxc4 34. Ke2 Bd6 35. Kd3 Na3 36. Ne2 Ke7 37. g4
Nb5 38. Bd2 Bc5 39. f4 f5 40. gxf5 exf5 41. exf5 gxf5 42. Be3 Bxe3 43. Kxe3 Nc7
44. Kd4 Kd6 45. Kc4 Ne6 46. a3 Kc6 1/2-1/2

[Event "RUS-ch51"]
[Site "St Petersburg"]
[Date "1998.08.01"]
[Round "5"]
[White "Loginov, Valery A"]
[Black "Galliamova, Alisa"]
[Result "0-1"]
[WhiteElo "2520"]
[BlackElo "2560"]
[Annotator "Horn,Pe"]
[PlyCount "106"]
[EventDate "1998.07.28"]
[EventType "swiss"]
[EventRounds "11"]
[EventCountry "RUS"]
[SourceTitle "CBM 067"]
[Source "ChessBase"]
[SourceDate "1998.11.30"]
[SourceVersion "2"]
[SourceVersionDate "1998.11.01"]
[SourceQuality "1"]

1. Nf3 Nf6 2. g3 b5 3. Bg2 Bb7 4. O-O e6 5. d3 d5 6. Nbd2 Nbd7 7. c3 {[%cal
Yd1c2,Ye2e4]} (7. e4 dxe4 8. Ng5 (8. dxe4 $6 Nxe4 $1 (8... Be7 9. Qe2 a6 10. e5
Nd5 11. h4 Nc5 12. Rd1 O-O $13 {Zarkovic,J-Majeric,Z/JUG-chT 1989}) (8... Nc5
9. Qe2 a6 10. Rd1 Qc8 11. Nd4 e5 12. N4b3 Bc6 13. Nf3 Nxb3 14. axb3 Bd6 15. Bg5
Qe6 16. Nh4 $36 {Schlosser,P-Schmittdiel/BL9596/1996}) 9. Nxe4 Bxe4 10. Qe2 Bc6
11. Rd1 Bd6 12. Bg5 Qc8 13. Nd4 Bxg2 14. Kxg2 h6 (14... a6 {Chekhov} 15. Nxe6
$1 $18) 15. Nxe6 hxg5 16. Nxc7+ Kf8 17. Nxa8 Qxa8+ 18. Kg1 Rh6 $17 {Vasiukov,
E-Aleksandrov,A/RUS-Cup2/1996}) 8... Rb8 (8... Be7 9. Ngxe4 {[%cal Re4f6]} Qc8
(9... Nxe4 10. Nxe4 Rb8 11. a4 b4 12. Qe2 Nf6 13. Be3 Nxe4 $6 14. dxe4 $16 {
Burgess,M-Saunders,R/WchJ/1986}) 10. Qe2 O-O 11. a4 a6 {= Chekhov} 12. Nb3 Bd5
13. Be3 Nxe4 14. Bxe4 Nf6 15. Bxd5 Nxd5 16. Bc5 Qd7 17. c4 $2 bxa4 $17 {
Ledger,A-Arkell,K/Lloyds Bank op/1992}) (8... Nc5 9. Ngxe4 Ncxe4 10. dxe4 Bc5
11. Qe2 a6 12. Rd1 Nd7 13. Nb3 Bb6 14. Be3 Qe7 15. a4 $36 {Vukic,M-Izeta
Txabarri,F/Palma de Mallorca GMA/1989}) 9. Ndxe4 (9. Ngxe4) 9... h6 10. Nxf6+
Nxf6 11. Ne4 Nxe4 12. dxe4 Qxd1 13. Rxd1 Bc5 14. Bf4 Rc8 {1/2-1/2 Dunnington,
A-Arkell,K/Walsall op 1997}) (7. a4 b4 8. e4 (8. Re1 Nc5 9. a5 Be7 10. c3 bxc3
11. bxc3 O-O 12. c4 Rb8 13. Bb2 Ba8 14. Qc1 dxc4 15. dxc4 Nfe4 $11 {Ribli,
Z-Larsen,B/Bled/Portoroz/1979}) 8... Be7 (8... dxe4 9. Ng5 Be7 (9... Be7 10.
Ngxe4 Bd5 11. b3 O-O 12. Bb2 Qc8 13. Qe2 Qb7 14. Nc4 Rad8 15. Rfe1 Rfe8 16.
Rad1 {1/2-1/2 Summerscale,A-Arkell,K/BCF-ch 1994})) 9. Re1 c5 10. exd5 Bxd5 11.
Nc4 O-O 12. Nfd2 Qc7 13. Bxd5 Nxd5 14. a5 Nb8 15. Nb3 Nc6 $13 {Morrison,
G-Arkell,K/Edinburgh op 1989}) (7. Re1 Be7 8. e4 dxe4 9. dxe4 O-O (9... Nc5 10.
e5 Ng4 $6 (10... Nd5 $142) 11. h3 Nh6 12. Qe2 a6 13. Nf1 $16 {Niedermayr,
H-Reiss,S/Dornbirn op/1988}) 10. Qe2 a6 11. b3 Nc5 12. Rd1 Qb8 13. Ne5 Qa7 14.
Bb2 Rad8 $11 {Todorcevic,M-Arkell,K/Uzes op/1989}) 7... Bd6 $146 {Ein
kämpferischer Zug: Schwarz bemüht sich um optimalen Einfluß im Zentrum. Dafür
ist der Bd6 gelegentlichen Angriffen ausgesetzt.} (7... Be7 8. Qc2 O-O 9. e4
dxe4 10. dxe4 e5 11. Re1 c6 12. Nf1 Re8 $11 {Todorcevic,M-Izeta Txabarri,F/
Salamanca/1990}) 8. e4 dxe4 9. Nd4 {Gegenüber den obigen Beispielen mit Ng5
übt der Nd4 mehr Einfluß im Zentrum aus.} a6 (9... Nc5 10. Nxe4) 10. Nxe4 {
[%cal Re4d6]} Nxe4 11. dxe4 O-O 12. Re1 Qb8 (12... Rb8 $5) (12... Qe7 $4 13. e5
$18) 13. a4 Rd8 $2 {Ich nehme an, daß hier Schwarz den jetzt folgenden Zug
unterschätzt hat.} (13... c5 14. Nb3 Rd8 15. Na5 $14) (13... c6) 14. Bg5 $1 {
Erzwingt eine sehr unangenehme Schwächung der Bauernstellung, da b5 hängt.} (
14. axb5 $143 axb5 15. Rxa8 Bxa8) 14... f6 (14... Rf8 15. axb5 axb5 16. Nxb5
$16) 15. Be3 {Der einfachere Weg.} (15. Nxe6 $5 {Man gibt natürlich nicht so
gerne seine beiden besten Leichtfiguren gegen R und P. Es scheint aber, daß
Schwarz bei der Öffnung der Stellung einige Probleme bekommt:} fxg5 (15... Re8
16. Qb3) 16. Nxd8 Qxd8 17. e5 {Die Pointe.} Bxg2 18. exd6 Bb7 (18... Bc6 19.
dxc7 $16) 19. Qb3+ Kh8 20. Qf7 Nf6 21. Re7 Qg8 22. Qxg8+ Rxg8 23. Rxc7 $16)
15... Nc5 (15... Nf8 16. axb5 axb5 17. Qb3 $16) 16. b4 (16. axb5 axb5 17. Qg4
Nd3 (17... Qc8 18. Rxa8 Bxa8 19. b4 $16) 18. Qxe6+ Kh8 19. Rf1 $16) 16... Nxa4
(16... Nxe4 17. Nxe6 (17. Qc2 $5) 17... Nxc3 (17... Re8 $2 18. Qg4 $18) 18. Qb3
Bxg2 19. Nxd8+ Bd5 20. Qxc3 Qxd8 21. Qd2 $16 {Ich sehe nicht, wie Schwarz die
Diagonale h1-a8 nutzen kann.}) 17. Nxe6 Re8 18. Qb3 Kh8 19. Bd4 Re7 (19... Bc8
$2 20. Ng5 $1 fxg5 21. Qf7 Rg8 $8 22. e5 $16 Bf8 $140 $2 23. Bd5 $18) 20. e5 (
20. f4 $5 {[%cal Ye4e5]}) 20... fxe5 21. Bxb7 Qxb7 22. Bxe5 Bxe5 (22... Rae8 $2
23. Nxg7 Bxe5 24. Nxe8 $18) 23. Rxe5 c5 (23... Rae8 24. Rae1 $16 (24. Nd8 Qc8
25. Rxe7 Rxe7 26. Nf7+ Kg8 $11) (24. Ng5 g6 25. Rae1 $14)) 24. bxc5 (24. c4 $1
$16) 24... h6 25. Rae1 Rae8 26. R1e3 Qc8 27. c6 $2 {Hier dürfte dem Weißen die
Zeit schon etwas knapp geworden sein: es gab keinen Grund, den Pc5 so einfach
herzugeben.} (27. f4 Nb2 (27... Nxc3 28. Ng5 $1 (28. Nf8 Rxe5 29. Ng6+ Kh7 30.
Nxe5 Na4 31. Qd3+ $16) 28... hxg5 29. Rxg5 $16) 28. Qxb2 Rxe6 29. Rxe6 Rxe6 30.
Qf2 $16) 27... Qxc6 28. Nd8 Qf6 29. Rxe7 $2 {Dieser unmotivierte Abtausch
bringt jetzt Weiß sogar auf die Verliererstraße.} (29. Nf7+ Kh7 30. f4 $11)
29... Rxe7 30. Rxe7 Qxe7 $19 {[%csl Rc3,Rd8]} 31. Qd5 Nxc3 32. Nf7+ Kh7 33.
Qd3+ g6 34. Nd6 b4 $4 (34... Qe2 $19) 35. h4 $4 (35. Qxa6) 35... h5 $4 (35...
Qe2 $19) 36. g4 $4 (36. Qxa6) 36... Qxh4 37. gxh5 Qxh5 $2 (37... Qg4+ $142) 38.
Qxa6 Qg4+ 39. Kh2 Qh4+ 40. Kg2 Qg4+ 41. Kh2 Qf4+ 42. Kg2 Qg5+ 43. Kh2 Qe7 44.
Qc6 Ne2 45. Ne4 b3 46. f3 b2 47. Qb6 Qh4+ 48. Kg2 Nf4+ 49. Kg1 Qe1+ 50. Kh2
Qe2+ 51. Kg3 Nh5+ 52. Kh4 Qh2+ 53. Kg4 Qf4+ 0-1

[Event "Interzonal-15"]
[Site "Manila"]
[Date "1990.??.??"]
[Round "13"]
[White "Dzindzichashvili, Roman"]
[Black "Cabrilo, Goran"]
[Result "1-0"]
[WhiteElo "2560"]
[BlackElo "2485"]
[Annotator "Horn,Pe"]
[PlyCount "65"]
[EventDate "1990.06.29"]
[EventType "swiss"]
[EventRounds "13"]
[EventCountry "PHI"]
[SourceTitle "CBM 019"]
[Source "ChessBase"]
[SourceDate "1990.12.01"]
[SourceVersion "1"]
[SourceVersionDate "1990.12.01"]
[SourceQuality "1"]

1. Nf3 Nf6 2. g3 b6 3. Bg2 Bb7 4. O-O c5 5. d3 g6 6. e4 d6 7. Re1 e5 $2 (7...
Bg7) 8. c3 Bg7 9. d4 Nbd7 10. d5 $16 O-O 11. a4 Ne8 12. Na3 h6 (12... f5 13.
Ng5 Nc7 14. exf5 gxf5 15. Ne6 Nxe6 16. dxe6 Bxg2 17. Qxd6) 13. Bd2 Nc7 (13...
f5 14. Nh4 Qf6 (14... Rf6 15. exf5 gxf5 16. Qh5) 15. exf5 gxf5 16. Bh3) 14. Nc4
Qe7 15. b4 Rad8 16. Qc1 Kh7 17. Qc2 Bc8 18. b5 a5 19. Re2 Na8 20. Rf1 Nf6 21.
Ne1 Rfe8 22. Nd3 Bb7 23. Ree1 Nd7 24. f4 f6 25. h4 Bc8 26. h5 g5 27. Bh3 Nf8
28. Bxc8 Rxc8 29. fxe5 dxe5 30. Ne3 Nd7 31. Nb2 Nc7 32. Nbc4 Qf8 33. Qd1 1-0

[Event "EU-ch 1st"]
[Site "Saint Vincent"]
[Date "2000.07.05"]
[Round "3"]
[White "Romanishin, Oleg M"]
[Black "Vukovic, Zdravko"]
[Result "1-0"]
[WhiteElo "2591"]
[BlackElo "2471"]
[Annotator "Horn,Pe"]
[PlyCount "81"]
[EventDate "2000.07.03"]
[EventType "swiss"]
[EventRounds "11"]
[EventCountry "ITA"]
[SourceTitle "CBM 078"]
[Source "ChessBase"]
[SourceDate "2000.10.18"]
[SourceVersion "1"]
[SourceVersionDate "2000.10.18"]
[SourceQuality "1"]

1. Nf3 e6 2. g3 b5 3. Bg2 Bb7 4. O-O Be7 5. d3 Nf6 6. e4 d6 7. Na3 {Wie man
weiter unten sieht, hat Romanishin mit dieser Idee einige Erfahrung.} a6 8. c4
c6 (8... bxc4 9. Nxc4 Nc6 10. Bd2 a5 11. Rc1 $14 {Smejkal,J-King,D/Germany 1986
}) 9. Re1 O-O {Scheint mir weniger genau zu sein als Nbd7, da Schwarz jetzt
nicht mehr zu e5 kommt.} (9... Nbd7 10. d4 (10. b3 O-O 11. Bb2 b4 $6 12. Nc2 c5
13. h3 Ne8 14. d4 Qc7 15. Qd2 a5 16. a4 Rd8 17. d5 Bf6 18. Ne3 $14 {Romanishin,
O-Miolo,E/Indonesia 1983}) 10... e5 (10... d5 11. e5 Ne4 12. c5 O-O 13. Nd2
Nxd2 14. Bxd2 a5 15. Nc2 Re8 16. Bh3 Nf8 17. b4 a4 18. Re2 Bc8 19. Qf1 Ra7 20.
Rae1 $14 {Romanishin,O-Cebalo,M/Reggio Emilia 1985}) 11. b3 O-O 12. Bb2 Re8 13.
Nc2 Bf8 14. c5 exd4 15. cxd6 Nxe4 16. Nfxd4 Ndf6 17. Nf5 Nxd6 18. Rxe8 Nfxe8
19. Nce3 Nxf5 20. Nxf5 $44 {Greenfeld,A-Smirin,I/Beijing 1996}) 10. d4 bxc4 11.
e5 {Darin liegt der Unterschied.} dxe5 12. dxe5 Nd5 (12... Bxa3 13. exf6 (13.
bxa3 $5) 13... Bb4 14. fxg7 Kxg7 15. Nd2 Kh8 16. Qg4 $14) 13. Nxc4 $14 {
Nun hat Weiß einfach die bessere Bauernstruktur.} c5 14. h4 Nc6 15. Bg5 Rb8 16.
Qe2 h6 17. Bxe7 Qxe7 18. Rad1 Rfd8 19. Rd2 a5 20. a3 Ba6 21. Qe4 Rb3 22. Ne3
Nxe3 23. Rxe3 Rxe3 (23... Rxd2 24. Nxd2 Rxb2 $2 25. Qxc6 $16) 24. Qxe3 Rd5 25.
Rxd5 exd5 26. Qb3 Qd8 ({Vielleicht konnte Schwarz das Eindringen sogar
zulassen:} 26... c4 27. Qb6 Bb7 28. Kh2 $14 {Es ist nicht leicht für Weiß,
Fortschritte zu machen.}) 27. Qe3 Qe7 28. Nd2 Nxe5 ({Mehr Spiel (für beide
Seiten) verbleibt nach} 28... d4 29. Qe4 Bb5 30. f4 $14) 29. Bxd5 Qd6 30. Bg2
Kf8 $2 ({Einfacher erscheint mir} 30... Bb5) 31. Qc3 $16 a4 32. Qa5 (32. Ne4
Qd1+ 33. Kh2 Ng4+ 34. Kh3 Kg8 35. Qxc5 Qd7 $132) 32... Be2 (32... Bc8 33. Qa8
Qd7 34. Ne4 Kg8 35. Nc3 $16) 33. Qa8+ Ke7 34. Bd5 $2 (34. Qe4 Qxd2 35. Qxe5+
Kd7 36. Qxc5 $16) 34... f5 35. Qg8 Qf6 36. Bg2 Nf7 ({Auch das aktive} 36... Nd3
{sieht ok aus.}) 37. Qb8 Qd4 38. Qb7+ Qd7 $2 {Die Q stand auf d4 optimal. Die
Indizien deuten auf Zeitnot.} (38... Kf6) 39. f4 Nd6 $2 ({Das Endspiel} 39...
Qxb7 40. Bxb7 Nd6 41. Bc6 {ist klar vorteilhaft für Weiß angesichts der
schwarzen Bauernschwächen am Damenflügel, aber nach} Nb5 $16 {[%csl Ra4] ist
der Schwächling erst einmal verteidigt.}) 40. Qd5 {Nun fällt ein Bauer.} Qc7 $2
{Danach ist es sofort aus.} 41. Qe5+ 1-0

[Event "Salamanca"]
[Site "Salamanca"]
[Date "1990.??.??"]
[Round "2"]
[White "Todorcevic, Miodrag"]
[Black "Izeta Txabarri, Felix"]
[Result "1-0"]
[WhiteElo "2550"]
[BlackElo "2380"]
[Annotator "Horn,Pe"]
[PlyCount "91"]
[EventDate "1990.02.??"]
[EventType "tourn"]
[EventRounds "9"]
[EventCountry "ESP"]
[EventCategory "9"]
[SourceTitle "CBM 018"]
[Source "ChessBase"]
[SourceDate "1990.10.01"]
[SourceVersion "1"]
[SourceVersionDate "1990.10.01"]
[SourceQuality "1"]

1. Nf3 Nf6 2. g3 b5 3. d3 d5 (3... Bb7) 4. Bg2 Bb7 5. O-O e6 6. c3 Nbd7 7. Nbd2
Be7 8. Qc2 O-O 9. e4 dxe4 10. dxe4 e5 11. Re1 $10 c6 12. Nf1 Re8 13. b3 Qc7 14.
Bb2 Bf8 15. Rad1 Nc5 16. Re2 a5 17. h3 a4 18. b4 Ncd7 19. Ne3 Nb6 20. c4 $4
bxc4 21. Nxc4 Nxc4 22. Qxc4 Ba6 $19 23. Qc2 Bxe2 24. Qxe2 Bxb4 25. Qc4 Rab8 26.
Ba1 h6 27. Qc2 Bd6 28. Bf1 a3 29. Bc4 Nd7 30. Kg2 Nf8 31. Nh4 Ne6 32. Nf5 Bf8
33. Qe2 g6 34. Ne3 Bg7 35. Rc1 Qd7 36. h4 h5 37. Nc2 Ra8 $6 (37... Nd4 $5 38.
Bxd4 exd4 39. Nxa3 d3 $5) 38. Qe3 Qa7 $6 39. Qf3 Nd4 $6 (39... Rab8 $19) 40.
Bxd4 exd4 41. Nb4 Rac8 42. e5 $1 c5 (42... Bxe5 43. Nxc6 Rxc6 44. Qxc6 Qa8 $15)
43. Nd3 Qd7 (43... Bxe5 44. Qe4 Bg7 45. Qxg6 Qb7+ 46. Kg1) (43... Re7 $5) 44.
Nf4 Qf5 $2 (44... Bxe5 45. Nxg6 Kg7 $19) 45. e6 $1 Rxe6 $4 (45... fxe6 46. Re1
(46. Bd3 Qg4)) 46. Nxe6 1-0

[Event "Budapest FS03 GM"]
[Site "Budapest"]
[Date "1993.??.??"]
[Round "4"]
[White "Sale, Srdjan"]
[Black "Szalanczy, Emil"]
[Result "0-1"]
[WhiteElo "2350"]
[BlackElo "2365"]
[Annotator "Horn,Pe"]
[PlyCount "86"]
[EventDate "1993.03.??"]
[EventType "tourn"]
[EventRounds "11"]
[EventCountry "HUN"]
[EventCategory "8"]
[SourceTitle "CBM 037"]
[Source "ChessBase"]
[SourceDate "1993.12.01"]
[SourceVersion "1"]
[SourceVersionDate "1993.12.01"]
[SourceQuality "1"]

1. Nf3 c5 2. g3 Nc6 3. Bg2 g6 4. O-O Bg7 5. d3 Nf6 6. c3 O-O 7. Qa4 {/\ Qh4/
Bh6/Ng5} h6 $1 8. Qh4 $6 g5 9. Qa4 d6 10. Na3 (10. h4 $5 g4 11. Nh2 Bd7 $13)
10... Bd7 11. Qc2 Rb8 (11... d5 $5) 12. Nc4 (12. e4 $2 b5 {פa3}) 12... b5 13.
Ne3 d5 (13... e5 $5 {/\ d5}) 14. d4 cxd4 15. Nxd4 Nxd4 (15... e5 $6 16. Ndf5)
16. cxd4 Qb6 (16... e6) 17. Bxd5 (17. Nxd5 Nxd5 18. Bxd5 Qxd4 $13) 17... Rfc8 (
17... Qxd4 $13) 18. Qb3 Nxd5 19. Nxd5 Qe6 20. Be3 b4 $1 {/\ Rb5} (20... a5 21.
Nc3) 21. Rfc1 a5 22. Rc7 a4 (22... Rxc7 23. Nxc7 Qd6 24. Rc1 Rc8 25. Qc4 $13)
23. Qc4 Rxc7 24. Qxc7 Rc8 (24... Rb5 $4 25. Qd8+ Bf8 26. Nc7 $18) 25. Qb7 Rc2
$44 (25... Bc6 $4 26. Qxc8+ $18) 26. b3 (26. Nxb4 Rxb2 27. a3 Rxe2 $15) 26...
Kh7 $2 (26... Rxe2 $1 27. Nxb4 $2 (27. bxa4 Kh7 28. Nb6 Bc6 29. Qc7 Rxe3 30.
fxe3 Qxe3+ 31. Kf1 Bxd4) 27... Rxe3 28. fxe3 Qxe3+ 29. Kh1 Bf5 $19) 27. Nxb4
Rxe2 {/\ Rxe3} 28. Qf3 Rb2 29. d5 (29. Bc1 $1 Qe1+ 30. Kg2 Re2 31. Be3 $13)
29... Qg6 30. Qd1 (30. Bc1 $2 Rb1 31. Rxb1 Qxb1 $19) 30... Bh3 (30... axb3 31.
axb3 Rxb3 32. Qxb3 Bxa1 $15) 31. Rc1 (31. Nd3 $2 Qe4 $19) 31... a3 (31... axb3
32. axb3 Qe4 33. Qd3 Qxd3 34. Nxd3 Rxb3 $15) (31... Kg8 $5 {/\ Qe4}) 32. Qf3 f5
$2 (32... g4 33. Qf4 Rb1 34. Rxb1 (34. Qc4 Bb2 35. Nd3 Bxc1 36. Nxc1 Qf5 $19)
34... Qxb1+ 35. Bc1 Bb2 36. Qxh6+ Kg8 37. Qg5+ Kf8 38. Qh6+ Ke8 $19) (32... Rb1
$2 33. g4 Rxc1+ 34. Bxc1 Qb1 35. Qxh3 Qxc1+ 36. Kg2 Qb2) 33. Bc5 (33. Rc6 $2
Rb1+ 34. Bc1 Qxc6 $19) 33... Bg4 34. Qd3 $2 (34. Qe3 $1) 34... Be2 35. Qe3 e5
$1 36. Nc2 (36. dxe6 $2 f4 $19) 36... Bg4 37. d6 (37. f3 f4) 37... f4 38. Qd2
Bd7 39. Bxa3 Rxa2 40. Qc3 Qe4 41. f3 (41. Bb2 Bc6 42. f3) 41... Qe2 42. Qc4 (
42. Bb2 Rxb2 43. Qxb2 e4 44. Qa3 exf3 $19) 42... Qxf3 43. Rf1 Qg4 0-1

[Event "NED-ch55"]
[Site "Rotterdam"]
[Date "2000.05.13"]
[Round "6"]
[White "Piket, Jeroen"]
[Black "Van der Wiel, John"]
[Result "1-0"]
[WhiteElo "2633"]
[BlackElo "2558"]
[Annotator "Horn,Pe"]
[PlyCount "103"]
[EventDate "2000.05.07"]
[EventType "tourn"]
[EventRounds "11"]
[EventCountry "NED"]
[EventCategory "12"]
[SourceTitle "CBM 077"]
[Source "ChessBase"]
[SourceDate "2000.07.27"]
[SourceVersion "1"]
[SourceVersionDate "2000.07.27"]
[SourceQuality "1"]

1. Nf3 c5 2. g3 g6 3. Bg2 Bg7 4. O-O Nc6 5. d3 Nf6 6. e4 O-O 7. c3 b6 {Sehr
selten gewählt.} ({Die Hauptfortsetzung ist} 7... d6 {womit Schwarz seine
Optionen auf die Schablone Pb7-b5-b4 wahrt.}) 8. Re1 (8. Ne1 e6 9. f4 d5 10. e5
Nd7 11. Nf3 a5 12. a4 f6 13. d4 cxd4 14. cxd4 fxe5 15. fxe5 Ba6 16. Rf2 Nb4 17.
Be3 b5 18. axb5 Bxb5 19. Nc3 Bd3 20. Ne1 $14 {Enevoldsen,J-Van den Berg,C/
Amsterdam 1961}) (8. Bg5 Bb7 9. Qd2 Qc7 10. Na3 Rad8 11. Rfe1 d5 12. e5 Ne4 $1
$132 {Norby,P-Holm Petersen,S/Holstebro 1964}) (8. Nbd2 Bb7 9. Re1 Qc7 10. h3
d5 11. Qe2 dxe4 12. dxe4 Nd7 13. Ng5 h6 14. Ngf3 a6 15. Nf1 b5 16. Bf4 e5 17.
Be3 $14 {Williams,R-Dangremond,L/Detroit 1994}) ({In den wenigen mir bekannten
Beispielen ließ Weiß sich nicht zu} 8. e5 {provozieren.}) 8... Bb7 9. Na3 {
Läßt dem Weißen mehr Möglichkeiten als Nbd2.} d6 (9... d5 {war die Alternative.
}) 10. h3 $146 {[%cal Yc1e3] Da Schwarz noch keinen direkten Feindkontakt
sucht (mit Plänen wie d7-d5 und b7-b5), kann Weiß es auch gemächlich angehen.}
(10. Nc2 e6 11. Nh4 e5 12. Bg5 h6 13. Bxf6 Bxf6 14. Nf3 Bg7 15. a4 Qd7 16. Ne3
Ne7 17. Qb3 Kh7 18. Nd2 f5 19. exf5 gxf5 20. Nd5 $14 {Cherniaev,A-Losev,D/St
Petersburg 1994}) 10... Rc8 {Bei einer Öffnung der d-Linie (nach d3-d4) stünde
der R hier richtig.} ({Gut gefällt mir auch} 10... Qc7 {, da dies mehr Druck
auf das Zentrum ausübt.}) (10... a6 {war ebenfalls möglich.}) 11. Be3 (11. d4
cxd4 12. cxd4 d5 13. e5 Ne4 $11 {erreicht nicht viel.}) 11... Qd7 12. Qd2 Ne5 (
{Nach} 12... Rfd8 {war nicht viel los.}) 13. Nxe5 (13. Nh2 c4 $132) 13... dxe5
{Angesichts des rückständigen Pd3 sieht die schwarze Stellung bequem aus.} 14.
Nc4 Qe6 {Weiß muß sich jetzt mit Einschlägen auf e4 auseinandersetzen.} ({
Ruhiger war} 14... Qc7 $11) 15. Qe2 Rfd8 16. a4 Ba6 (16... Rc7) 17. b3 Ne8 $6 {
Eingelullt von der weißen Spielweise eröffnet hier Van der Wiel seinem Gegner
zu viel Möglichkeiten.} 18. Kh2 $1 {[%cal Yh3h4,Yg2h3] Der Bg2 strebt nach h3
und die Qe6 steht unbequem.} Rc7 ({Nicht besser ist} 18... Nd6 19. h4) 19. h4 {
Mit einem Nf6 wäre dies kaum gekommen.} Qd7 20. Red1 Nd6 21. h5 $36 Rc6 $2 22.
h6 Bh8 23. b4 {Zeigt deutlich, daß Schwarz unglücklich manövriert hat: das
Spiel gegen den Nc4 hat nur zu deplazierten Figuren geführt.} Nxc4 ({Auch} 
23... cxb4 24. cxb4 Bb7 25. b5 {sieht äußerst unangenehm aus: es ist mit
Niederschlägen auf b6 zu rechnen.}) 24. dxc4 Rd6 25. Rxd6 Qxd6 $2 ({Notwendig
war das häßliche} 25... exd6 26. a5 $16) 26. a5 Bc8 ({Auch nach} 26... Bb7 27.
axb6 axb6 28. bxc5 bxc5 29. Ra5 Rc8 {[%csl Rh8] ist der Pc5 auf die Dauer
nicht zu halten: Weiß hat einfach eine Figur mehr zur Verfügung.}) (26... cxb4
$4 27. axb6 $18) 27. axb6 axb6 28. bxc5 bxc5 29. Ra5 Be6 30. Bxc5 $18 {[%csl
Gc4,Rh8] Das Problem ist nicht allein der verlorene Bauer: auch bei dem Kampf
um das Vorantreiben des Pc4 hat Schwarz das Handicap des Eckenstehers auf h8,
der viel Zeit braucht, um wieder am Geschehen teilzunehmen.} Qc7 31. Qa2 Rc8
32. Qa3 Bf6 33. Ra8 {Der Tausch stärkt den Freibauern.} Bg5 34. Rxc8+ Bxc8 35.
Qb4 Kf8 36. Bb6 Qb7 (36... Qc6 37. Qb5) 37. Qb5 Bxh6 38. Qxe5 Bg7 39. Qa5 Qc6 (
39... Qd7 40. e5 {[%cal Yb6d4]}) 40. Bd4 Bxd4 41. Qd8+ Kg7 42. Qxd4+ f6 43. e5
Qc7 44. exf6+ exf6 45. c5 Kf7 46. c6 Ke7 47. Qc5+ Ke8 48. Qd5 Qg7 (48... Ke7
49. Qg8 Kd6 50. Qf8+ Ke6 51. c4 $18) 49. c4 Qf7 50. Qd6 Qxc4 51. c7 Be6 52. Bd5
1-0